Países mais próximos da Letônia - Statistics

Estatísticas Gerais
  • Esse quiz foi jogado 136 vezes
  • A pontuação média é 18 de 20
Estatísticas das Respostas
km país % Correto
0 Lituânia
100%
0 Rússia
99%
0 Estônia
98%
0 Bielorrússia
97%
213 Finlândia
97%
599 Noruega
97%
144 Suécia
97%
467 Ucrânia
97%
497 Alemanha
96%
190 Polônia
94%
726 Eslováquia
93%
677 Chéquia
92%
385 Dinamarca
92%
833 Hungria
90%
824 Romênia
89%
862 Áustria
86%
1073 Eslovénia
86%
808 Moldávia
85%
1102 Sérvia
77%
942 Países Baixos
64%
Nenhum quiz correspondente encontrado
Distribuição das Pontuações
Porcentagem de Pessoas com Cada Pontuação
Percentil de Números Respondidos
Sua Pontuação Histórica
Você não jogou esse quiz